000 00548nam a2200181Ia 4500
003 OSt
005 20240715163534.0
008 210210b1951 xxu||||| |||| 00| 0 eng d
040 _cAL
041 _akan
082 _a859/491
100 _aCHADURANGA ಚದುರಂಗ
_9149215
245 _aNanna rasika mattu bangarada gejje:
_bನನ್ನ ರಸಿಕ ಮತ್ತು ಬಂಗಾರದ ಗೆಜ್ಜೆ
260 _aBengaluru
_bSharada Prakatanalalya
_c1951
690 _aKannada Fiction
_9149216
906 _a021352
942 _2ddc
_cBK
999 _c145434
_d145434